000 00897cab a2200289 4500
001 ABS51898
008 090401t1995 xxu||||| |||| 00| 0 eng d
035 _a(Sirsi) u49418
041 _aeng
100 _aMaguire, J.
245 _aStructural appraisal before refurbishment
260 _c1995
350 _a0
490 _aProperty Review
_v4(7) December 1994/January 1995, 221-224(4)
520 _aAddresses questions, why carry out an appraisal, which standards and methods should be applied and how much should be spent on such an appraisal.
650 _aBRIDGES
650 _aGUIDANCE
650 _aLOAD TESTING
650 _aRefurbishment
_96264
650 _aSAFETY
650 _aSTANDARDS
650 _aSTRUCTURAL APPRAISAL
690 _aBUILT ENVIRONMENT-CONSTRUCTION DESIGN
690 _aBUILT ENVIRONMENT-BUILDING INSPECTION
942 _n0
948 _c04/03/1997
999 _c30926
_d30926